| 000 | 00635nam a2200229Ia 4500 | ||
|---|---|---|---|
| 008 | 160901s9999 xx 000 0 und d | ||
| 020 | _a0-07-145142-0 | ||
| 050 | _aComSc TJ 223 | ||
| 050 | _b.P76P74 2005 | ||
| 100 | _aPredko, Myke. | ||
| 245 | _a123 PIC microcontroller experiments for the evil genius / | ||
| 245 | _cMyke Predko. | ||
| 260 | _aNew York : | ||
| 260 | _bMcGraw-Hill., | ||
| 260 | _c2005 | ||
| 300 | _a339 pages : | ||
| 300 | _bill. ; | ||
| 300 | _c28 cm. | ||
| 500 | _aIncludes index. | ||
| 650 | _aMicrocontrollers -- Laboratory manuals. | ||
| 650 | _xProgrammable controllers -- Laboratory manuals. | ||
| 999 |
_c300902 _d300902 |
||